00950pam a2200265 45000010008000000030004000080050017000120080041000290100017000700400018000870430012001050820015001171000023001322450103001552600031002583000025002894900075003145040030003896500056004196500042004759060045005179420012005629990015005749520095005894551559OSt20230714085711.0731003s1974 nyu b 001 0 eng  a 72012972  aDLCcDLCdDLC an-us---00a362.9bGRE1 aGreifer, Julian L.10aCommunity action for social change:ba casebook of current projects,cedited by Julian L. Greifer. aNew York,bPraegerc[1974] axxiv, 294 p.c25 cm.0 aPraeger special studies in U.S. economic, social, and political issues aBibliography: p. 274-284. 0aCommunity developmentzUnited StatesxCase studies. 0aCommunity organizationxCase studies. a7bcbccorignewd1eocipf19gy-gencatlg 2ddccBK c3961d3961 00102ddc4070a002b002d2023-07-14l0o362.9 GREp100001162r2023-07-14w2023-07-14yBK